№ 3 (276); Труды Российского государственного университета нефти и газа имени И. М. Губкина

Podrobná bibliografie
Parent link:Труды Российского государственного университета нефти и газа имени И. М. Губкина: сборник научных статей по проблемам нефти и газа/ Российский государственный университет нефти и газа им. И. М. Губкина (РГУ Нефти и Газа). № 3 (276).— , 2014-
Shrnutí:Труды Российского государственного университета нефти и газа имени И.М. Губкина представляют сборник научных статей, посвященных актуальным проблемам нефти и газа. Статьи сборника расположены по следующим тематикам: высшее образование, нефтегазовая геология, геофизика; бурение и разработка месторождений углеводородов; проектирование, изготовление и эксплуатация нефтегазового оборудования и сооружений ТЭК; проектирование, сооружение и эксплуатация трубопроводного транспорта; переработка нефти и газа, нефте- и газохимия; автоматизация, моделирование и энергообеспечение в нефтегазовом комплексе; промышленная и экологическая безопасность, охрана труда; экономика и менеджмент в отраслях ТЭК; вопросы права в нефтегазовой отрасли.
Jazyk:ruština
Vydáno: 2014
Témata:
Médium: Kniha
KOHA link:https://koha.lib.tpu.ru/cgi-bin/koha/opac-detail.pl?biblionumber=303391

MARC

LEADER 00000nam2a2200000 4500
001 303391
005 20231102001610.0
035 |a (RuTPU)RU\TPU\book\328614 
035 |a RU\TPU\book\301221 
090 |a 303391 
100 |a 20150902d2014 k y0rusy50 ca 
101 0 |a rus 
102 |a RU 
105 |a a z 001zy 
200 0 |a № 3 (276) 
210 |d 2014 
215 |a 183 с.  |c ил. 
320 |a Библиография в конце статей 
330 |a Труды Российского государственного университета нефти и газа имени И.М. Губкина представляют сборник научных статей, посвященных актуальным проблемам нефти и газа. Статьи сборника расположены по следующим тематикам: высшее образование, нефтегазовая геология, геофизика; бурение и разработка месторождений углеводородов; проектирование, изготовление и эксплуатация нефтегазового оборудования и сооружений ТЭК; проектирование, сооружение и эксплуатация трубопроводного транспорта; переработка нефти и газа, нефте- и газохимия; автоматизация, моделирование и энергообеспечение в нефтегазовом комплексе; промышленная и экологическая безопасность, охрана труда; экономика и менеджмент в отраслях ТЭК; вопросы права в нефтегазовой отрасли. 
461 1 |0 (RuTPU)RU\TPU\book\286208  |t Труды Российского государственного университета нефти и газа имени И. М. Губкина  |o сборник научных статей по проблемам нефти и газа  |f Российский государственный университет нефти и газа им. И. М. Губкина (РГУ Нефти и Газа)  |v № 3 (276)  |d 2014-  
606 1 |a Газ и нефть  |x Добыча  |2 stltpush  |3 (RuTPU)RU\TPU\subj\4531  |9 32791 
610 1 |a углеводороды 
610 1 |a газовые месторождения 
610 1 |a нефтяные месторождения 
610 1 |a бурение 
610 1 |a разработка 
610 1 |a геотермальные месторождения 
610 1 |a нефтепереработка 
610 1 |a газопереработка 
610 1 |a газохимия 
610 1 |a нефтехимия 
610 1 |a промышленная безопасность 
610 1 |a экологическая безопасность 
610 1 |a охрана труда 
610 1 |a нефтегазовый комплекс 
610 1 |a автоматизация 
610 1 |a моделирование 
610 1 |a энергообеспечение 
610 1 |a экономика 
610 1 |a менеджмент 
675 |a 622.32  |v 3 
801 1 |a RU  |b 63413507  |c 20140626 
801 2 |a RU  |b 63413507  |c 20221202  |g RCR 
942 |c BK